| 000 | 00622cam a2200181 a 4500 | ||
|---|---|---|---|
| 001 | 000003141 | ||
| 005 | 20200929150336.0 | ||
| 008 | 830823s1960 nyu 001 0 eng | ||
| 040 |
_aDO-SdBNP _bspa _cBNPHU |
||
| 082 |
_a811.54 _bB465s |
||
| 100 | 1 |
_aBenét, Stephen Vincent, _d1898-1943. _99910 |
|
| 245 | 1 | 0 |
_aSelected poetry and prose / _cStephen Vincent Benét; edición e introducción, Basil Davenport. |
| 260 |
_aNew York : _bRinehart and Winston, _c1960. |
||
| 300 |
_a336 p. ; _c19 cm. |
||
| 650 | 4 |
_aPoesía estadounidense _96278 |
|
| 650 | 4 |
_aLiteratura estadounidense _9263 |
|
| 700 | 1 |
_aDavenport, Basil, _eed. _99911 |
|
| 999 |
_c2972 _d2972 |
||